Normal view
MARC view
Entry Personal Name
001 - CONTROL NUMBER
- control field: 57537
003 - CONTROL NUMBER IDENTIFIER
- control field: OSt
005 - DATE AND TIME OF LATEST TRANSACTION
- control field: 20251022150108.0
008 - FIXED-LENGTH DATA ELEMENTS
- fixed length control field: 251022|| aca||aabn | a|a d
040 ## - CATALOGING SOURCE
- Original cataloging agency: OSt
- Transcribing agency: OSt
100 ## - HEADING--PERSONAL NAME
- Personal name: Adeleke, Gbadebo Fatai Lawal, Musediq Olufemi Ayantunji, Oyelekan Isola and Adeleke, Elizabeth Habibat
670 ## - SOURCE DATA FOUND
- Source citation: Work cat.: (OSt): Adeleke, Gbadebo Fatai Lawal, Musediq Olufemi Ayantunji, Oyelekan Isola and Adeleke, Elizabeth Habibat , Merit and the recruitment process in Nigeria’s youth empowerment schemes
